|
|
|
|
| LEADER |
00000nam a2200000Ia 4500 |
| 008 |
180904b2001 cr ||||| |||| 00| | spa d |
| 090 |
|
|
|a 12.06.01
|b 1602
|
| 100 |
|
|
|a Souza Silva, José de
|9 2811
|
| 245 |
1 |
3 |
|a La dimensión de estrategia en la construcción de la sostenibilidad institucional /
|c Souza Silva, José de
|
| 260 |
|
|
|a San José, Costa Rica :
|b Proyecto ISNAR,
|c 2001
|
| 300 |
|
|
|a 185 páginas
|
| 650 |
1 |
4 |
|a INNOVACIONES
|9 649
|
| 650 |
1 |
4 |
|a ORGANIZACIÓN
|9 4169
|
| 650 |
1 |
4 |
|a GLOBALIZACIÓN
|9 266
|
| 700 |
1 |
|
|a Cheaz Peláez, Juan
|9 3720
|
| 700 |
|
|
|a Santamaría Guerra, Julio
|9 3719
|
| 700 |
|
|
|a Mato Bode, María Adriana
|9 3718
|
| 700 |
1 |
|
|a León Solís, Alicia M
|9 3957
|
| 942 |
|
|
|i 003324
|h 12.06.01 1602
|2 z
|c 01
|
| 999 |
|
|
|c 2051
|d 2051
|